000 00424nam a2200157 a 4500
020 _a0060468483
050 0 0 _aQR 41.2
_b.V64 1988
100 1 _aVolk, Wesley A.
245 1 0 _aBasic microbiology /
_cWesley A. Volk, Margaret F. Wheeler.
250 _a6th ed.
260 _aNew York :
_bHarper & Row,
300 _a687 p., 8 leaves of plates :
650 0 _bMicrobiology
700 1 _aWheeler, Margaret F.
942 _2lcc
_cGEN
999 _c8426
_d8426